| 000 | 00493nam a2200193 4500 | ||
|---|---|---|---|
| 001 | 85417 | ||
| 003 | BD-RjUL | ||
| 005 | 20250803152916.0 | ||
| 008 | 250803s1954 pk ||||| |||| 00| 0 urd d | ||
| 035 | _a(BD-RjUL)85417 | ||
| 040 |
_aBD-RjUL _beng _cBD-RjUL |
||
| 041 | _aurd | ||
| 082 |
_223 _a891.439 |
||
| 245 |
_aمعاصر (Muʿāṣir / _cعبدالمنان بیدل ;; Abdul Manan Bedil |
||
| 300 | _av. ; | ||
| 505 | _aVol.2.-- pt;6.-- | ||
| 650 | _aliterature | ||
| 942 |
_2ddc _cBK |
||
| 999 |
_c85417 _d85417 |
||